<?xml version="1.0" encoding="UTF-8"?>
<record
    xmlns:xsi="http://www.w3.org/2001/XMLSchema-instance"
    xsi:schemaLocation="http://www.loc.gov/MARC21/slim http://www.loc.gov/standards/marcxml/schema/MARC21slim.xsd"
    xmlns="http://www.loc.gov/MARC21/slim">

  <leader>00843nam a22001337a 4500</leader>
  <datafield tag="040" ind1=" " ind2=" ">
    <subfield code="c">RUA</subfield>
  </datafield>
  <datafield tag="082" ind1=" " ind2=" ">
    <subfield code="a">RUB SAM 2015 B643 Or.1</subfield>
  </datafield>
  <datafield tag="100" ind1=" " ind2=" ">
    <subfield code="a">SAM SOVANNKIRY &#x179F;&#x17C6;&#x200B; &#x179F;&#x17BB;&#x179C;&#x178E;&#x17D2;&#x178E;&#x1782;&#x17B7;&#x179A;&#x17B8;</subfield>
  </datafield>
  <datafield tag="245" ind1=" " ind2=" ">
    <subfield code="a">valuation on growth and yield of rubber clones gt1,pb217 and rriv4 at sopheak nika investment agro- industrial plants limited &#x179C;&#x17B6;&#x1799;&#x178F;&#x1798;&#x17D2;&#x179B;&#x17C3;&#x179B;&#x17BE;&#x1780;&#x17B6;&#x179A;&#x179B;&#x17BC;&#x178F;&#x179B;&#x17B6;&#x179F;&#x17CB; &#x1793;&#x17B7;&#x1784;&#x1791;&#x17B7;&#x1793;&#x17D2;&#x1793;&#x1795;&#x179B;&#x1780;&#x17D2;&#x179B;&#x17BC;&#x1793;&#x1780;&#x17C5;&#x179F;&#x17CA;&#x17BC;GT1,PB217 &#x1793;&#x17B7;&#x1784;&#x200B; RRIV4 &#x1793;&#x17C5;&#x1780;&#x17D2;&#x179A;&#x17BB;&#x1798;&#x17A0;&#x17CA;&#x17BB;&#x1793;&#x1785;&#x17C6;&#x1780;&#x17B6;&#x179A;&#x1780;&#x17C5;&#x179F;&#x17CA;&#x17BC; &#x179F;&#x17BB;&#x1797;&#x1780;&#x17D2;&#x178A;&#x17B7; &#x1793;&#x17B8;&#x1780;&#x17B6; &#x17A2;&#x17CA;&#x17B7;&#x1793;&#x179C;&#x17C1;&#x179F;&#x1798;&#x17C1;&#x1793; &#x17A2;&#x17B6;&#x17A0;&#x17D2;&#x179A;&#x17D2;&#x1782;&#x17C4;&#x17A2;&#x17CA;&#x17B7;&#x1793;&#x1787;&#x17B6;&#x179F;&#x179F;&#x17D2;&#x179A;&#x17D2;&#x1791;&#x17C0;&#x179B; &#x1795;&#x17D2;&#x179B;&#x17C1;&#x1793; &#x179B;&#x17B8;&#x1798;&#x17B8;&#x178F;&#x1792;&#x17B8;&#x178F;</subfield>
  </datafield>
  <datafield tag="260" ind1=" " ind2=" ">
    <subfield code="a">phnom penh</subfield>
    <subfield code="b">rua</subfield>
    <subfield code="c">2015</subfield>
  </datafield>
  <datafield tag="300" ind1=" " ind2=" ">
    <subfield code="a">vii;44p;</subfield>
    <subfield code="b">ill;</subfield>
    <subfield code="c">29cm;</subfield>
  </datafield>
  <datafield tag="856" ind1=" " ind2=" ">
    <subfield code="u">SAM SOVANNKIRY</subfield>
  </datafield>
  <datafield tag="942" ind1=" " ind2=" ">
    <subfield code="c">RUB</subfield>
  </datafield>
  <datafield tag="999" ind1=" " ind2=" ">
    <subfield code="c">18114</subfield>
    <subfield code="d">18114</subfield>
  </datafield>
  <datafield tag="952" ind1=" " ind2=" ">
    <subfield code="0">0</subfield>
    <subfield code="1">0</subfield>
    <subfield code="2">ddc</subfield>
    <subfield code="4">0</subfield>
    <subfield code="6">RUB_SAM_2015_000000000000000_B643_OR_1</subfield>
    <subfield code="7">0</subfield>
    <subfield code="9">80749</subfield>
    <subfield code="a">LBB</subfield>
    <subfield code="b">LBB</subfield>
    <subfield code="c">B643</subfield>
    <subfield code="d">2019-07-31</subfield>
    <subfield code="o">RUB SAM 2015 B643 Or.1</subfield>
    <subfield code="p">A40006</subfield>
    <subfield code="r">2019-07-31</subfield>
    <subfield code="w">2019-07-31</subfield>
    <subfield code="y">RUB</subfield>
  </datafield>
  <datafield tag="952" ind1=" " ind2=" ">
    <subfield code="0">0</subfield>
    <subfield code="1">0</subfield>
    <subfield code="2">ddc</subfield>
    <subfield code="4">0</subfield>
    <subfield code="6">RUB_SAM_2015_000000000000000_B643_OR_2</subfield>
    <subfield code="7">0</subfield>
    <subfield code="9">80750</subfield>
    <subfield code="a">LBB</subfield>
    <subfield code="b">LBB</subfield>
    <subfield code="c">B643</subfield>
    <subfield code="d">2019-07-31</subfield>
    <subfield code="o">RUB SAM 2015 B643 Or.2</subfield>
    <subfield code="p">A40190</subfield>
    <subfield code="r">2019-07-31</subfield>
    <subfield code="w">2019-07-31</subfield>
    <subfield code="y">RUB</subfield>
  </datafield>
  <datafield tag="952" ind1=" " ind2=" ">
    <subfield code="0">0</subfield>
    <subfield code="1">0</subfield>
    <subfield code="2">ddc</subfield>
    <subfield code="4">0</subfield>
    <subfield code="6">RUB_SAM_2015_000000000000000_B643_OR_3</subfield>
    <subfield code="7">0</subfield>
    <subfield code="9">80751</subfield>
    <subfield code="a">LBB</subfield>
    <subfield code="b">LBB</subfield>
    <subfield code="c">B643</subfield>
    <subfield code="d">2019-07-31</subfield>
    <subfield code="o">RUB SAM 2015 B643 Or.3</subfield>
    <subfield code="p">A39936</subfield>
    <subfield code="r">2019-07-31</subfield>
    <subfield code="w">2019-07-31</subfield>
    <subfield code="y">RUB</subfield>
  </datafield>
  <datafield tag="952" ind1=" " ind2=" ">
    <subfield code="0">0</subfield>
    <subfield code="1">0</subfield>
    <subfield code="2">ddc</subfield>
    <subfield code="4">0</subfield>
    <subfield code="6">RUB_SAM_2015_000000000000000_B643_OR_4</subfield>
    <subfield code="7">0</subfield>
    <subfield code="9">80752</subfield>
    <subfield code="a">LBB</subfield>
    <subfield code="b">LBB</subfield>
    <subfield code="c">B643</subfield>
    <subfield code="d">2019-07-31</subfield>
    <subfield code="o">RUB SAM 2015 B643 Or.4</subfield>
    <subfield code="p">A39808</subfield>
    <subfield code="r">2019-07-31</subfield>
    <subfield code="w">2019-07-31</subfield>
    <subfield code="y">RUB</subfield>
  </datafield>
  <datafield tag="952" ind1=" " ind2=" ">
    <subfield code="0">0</subfield>
    <subfield code="1">0</subfield>
    <subfield code="2">ddc</subfield>
    <subfield code="4">0</subfield>
    <subfield code="6">RUB_SAM_2015_000000000000000_B643_OR_5</subfield>
    <subfield code="7">0</subfield>
    <subfield code="9">80753</subfield>
    <subfield code="a">LBB</subfield>
    <subfield code="b">LBB</subfield>
    <subfield code="c">B643</subfield>
    <subfield code="d">2019-07-31</subfield>
    <subfield code="o">RUB SAM 2015 B643 Or.5</subfield>
    <subfield code="p">A40702</subfield>
    <subfield code="r">2019-07-31</subfield>
    <subfield code="w">2019-07-31</subfield>
    <subfield code="y">RUB</subfield>
  </datafield>
  <datafield tag="952" ind1=" " ind2=" ">
    <subfield code="0">0</subfield>
    <subfield code="1">0</subfield>
    <subfield code="2">ddc</subfield>
    <subfield code="4">0</subfield>
    <subfield code="6">RUB_SAM_2015_000000000000000_B643_OR_6</subfield>
    <subfield code="7">0</subfield>
    <subfield code="9">80754</subfield>
    <subfield code="a">LBB</subfield>
    <subfield code="b">LBB</subfield>
    <subfield code="c">B643</subfield>
    <subfield code="d">2019-07-31</subfield>
    <subfield code="o">RUB SAM 2015 B643 Or.6</subfield>
    <subfield code="p">A40426</subfield>
    <subfield code="r">2019-07-31</subfield>
    <subfield code="w">2019-07-31</subfield>
    <subfield code="y">RUB</subfield>
  </datafield>
</record>
